| 000 | 00467nam a22001697a 4500 | ||
|---|---|---|---|
| 005 | 20250211132704.0 | ||
| 008 | 250211b |||||||| |||| 00| 0 eng d | ||
| 020 | _a9780619120177 | ||
| 082 |
_a005.8 _bCAM-S |
||
| 100 | _aCampbel, Paul | ||
| 245 |
_aSecurity+ Guide to Network Security Fundamentals / _cBen Calvert |
||
| 260 |
_aUSA: _bElsevier; _c2003. |
||
| 300 |
_axiv, 509 p. : _bill; _c24 cm. |
||
| 500 | _ainclude index. | ||
| 650 | _aSecurity | ||
| 999 |
_c36846 _d36846 |
||